| 000 | 00561nam a2200181Ia 4500 | ||
|---|---|---|---|
| 999 |
_c32176 _d32176 |
||
| 003 | OSt | ||
| 005 | 20200804115925.0 | ||
| 008 | 190216s9999||||xx |||||||||||||| ||und|| | ||
| 020 | _a9788173711152 | ||
| 040 | _coclc | ||
| 082 |
_a510.76 _bFOM/M |
||
| 100 |
_aFomin, Dmitri _93940 |
||
| 245 | 0 |
_aMathematical Circles (Russian Experience) / _cDmitri Fomin ; Sergey Genkin ; Ilia Itenberg |
|
| 260 |
_bUniversities Press, _aHyderbad: _c2008. |
||
| 300 | _a272p | ||
| 650 | _aMathematics | ||
| 942 |
_cBK _2ddc _h510.76 _iFOM/M _k510.76 _mFOM/M |
||